000 01746cam a22004697a 4500
001 5717
003 FISKH
005 20250116095041.0
008 120618s2012 dcua j 000 0 eng d
010 _a 2011277488
015 _aGBB218215
_2bnb
016 7 _a016035614
_2Uk
020 _a9781426309236 (lib. bdg.)
020 _a1426309236 (lib. bdg.)
020 _a9781426309229 (pbk.)
020 _a1426309228 (pbk.)
020 _a9780545656917
035 _a(OCoLC)ocn778327207
040 _aUKMGB
_cUKMGB
_dBDX
_beng
050 _aQL666.L2
082 _a597.95
100 1 _aMarsh, Laura F.
245 1 0 _aLizards /
_cLaura Marsh.
250 _aFirst Scholastic printing, March 2014
260 _aWashington :
_bNational Geographic Society,
_c2012.
300 _a32 pages :
_bcolor illustrations ;
_c23 cm
490 1 _aNational Geographic readers.
_vLevel 2
490 1 _aNational Geographic kids
_vlevel 2
500 _aWhat am I? -- Reptiles -- Scaly skin -- Super lizards -- Mealtime -- Babies -- Legless lizards -- Hide and seek -- Look at me! -- Great escapes -- Biggest and smallest -- Lots of lizards -- What in the world?
505 0 _aJ
520 _aIntroduces readers to lizards, looking at what they have in common, as well as some of the special traits and abilities that individual species have--
_cSource other thaqn Library of Congress.
521 8 _aQL666.L2
521 8 _a597.95
650 0 _aLizards
_vJuvenile literature.
650 0 _aReaders (Elementary)
650 1 _aLizards.
830 0 _aNational geographic kids;
_nlevel 2
830 0 _aNational Geographic readers.
_nLevel 2
906 _a7
_bcbc
_ccopycat
_d3
_encip
_f20
_gy-gencatlg
942 _2ddc
_cBK
_n0
999 _c5717
_d5717